The Economics Of Money And Banking (Record no. 22103)

MARC details
000 -LEADER
fixed length control field 00925nam a22003377a 4500
003 - CONTROL NUMBER IDENTIFIER
control field IBSLLIB
005 - DATE AND TIME OF LATEST TRANSACTION
control field 20260515075252.0
008 - FIXED-LENGTH DATA ELEMENTS--GENERAL INFORMATION
fixed length control field 260511b |||||||| |||| 00| 0 eng d
020 ## - INTERNATIONAL STANDARD BOOK NUMBER
International Standard Book Number 0060412364
040 ## - CATALOGING SOURCE
Original cataloging agency IBSLLIB
Language of cataloging English
041 ## - LANGUAGE CODE
Language code of original Eng
082 ## - DEWEY DECIMAL CLASSIFICATION NUMBER
Classification number 332
Item number GOL
100 ## - MAIN ENTRY--PERSONAL NAME
Personal name Goldfeld , Stephen M.
245 ## - TITLE STATEMENT
Title The Economics Of Money And Banking
250 ## - EDITION STATEMENT
Edition statement 8th ed.
260 ## - PUBLICATION, DISTRIBUTION, ETC. (IMPRINT)
Place of publication, distribution, etc. New York :
Name of publisher, distributor, etc. Happer & Row
Date of publication, distribution, etc. 1981
300 ## - PHYSICAL DESCRIPTION
Extent 628 p ;
Dimensions 24 cm
505 ## - FORMATTED CONTENTS NOTE
Formatted contents note The nature and functions of money and finance
505 ## - FORMATTED CONTENTS NOTE
Formatted contents note Commercial Banking
505 ## - FORMATTED CONTENTS NOTE
Formatted contents note Central banking
505 ## - FORMATTED CONTENTS NOTE
Formatted contents note Monetary theory
505 ## - FORMATTED CONTENTS NOTE
Formatted contents note Monetary policy in theory and practice
505 ## - FORMATTED CONTENTS NOTE
Formatted contents note International monetary relations
650 ## - SUBJECT ADDED ENTRY--TOPICAL TERM
Topical term or geographic name as entry element Social scince
650 ## - SUBJECT ADDED ENTRY--TOPICAL TERM
Topical term or geographic name as entry element Economics
653 ## - INDEX TERM--UNCONTROLLED
Uncontrolled term Money
653 ## - INDEX TERM--UNCONTROLLED
Uncontrolled term Banks and Banking
653 ## - INDEX TERM--UNCONTROLLED
Uncontrolled term Consumption
700 ## - ADDED ENTRY--PERSONAL NAME
Personal name Chandler , Lester V.
Relator term Co-Author
942 ## - ADDED ENTRY ELEMENTS (KOHA)
Koha item type Lending Book
Holdings
Withdrawn status Lost status Damaged status Not for loan Collection code Permanent Location Current Location Shelving location Date acquired Source of acquisition Inventory number Full call number Barcode Koha item type
        Lending Collection IBSL Library IBSL Library Lending Section 30/04/2026 Donation 10622 332 GOL 10622 Lending Book
Copyright © 2024 IBSL Library, All rights reserved.
mail to: library@ibsl.lk | Contact: 0112425735 | Library Address: IBSL Library, 80A, Elvitigala Mawatha, Colombo 008